| 000 | 00479nam a2200181Ia 4500 | ||
|---|---|---|---|
| 001 | 22692 | ||
| 005 | 20260414150847.0 | ||
| 008 | 260414t2018||||xx |||||||||||||| ||spa|| | ||
| 041 | _aESP | ||
| 082 |
_a621.38412 _bP36 |
||
| 100 |
_aPedro, José Carlos _eAUT |
||
| 245 | 0 |
_aNonlinear circuit simulation and modeling : _bfundamentals for microwave design |
|
| 260 | _c2018 | ||
| 300 |
_a343 páginas : _c25 cm. |
||
| 650 | _aTCA | ||
| 654 | _aCET | ||
| 942 |
_cLIB _dJUS _fJUS _2ddc _n |
||
| 999 |
_c22692 _d22692 |
||